| 000 | 00762cam a22002413a 4500 | ||
|---|---|---|---|
| 001 | 21652 | ||
| 003 | PGUSA | ||
| 005 | 20140828083448.0 | ||
| 008 | 070601s2007||||xxu|||||s|||||000 1 eng d | ||
| 040 |
_aPGUSA _beng |
||
| 042 | _adc | ||
| 050 | 4 | _aPZ | |
| 100 | 1 |
_aEllis, Edward Sylvester, _d1840-1916 |
|
| 245 | 1 | 0 |
_aKlondike Nuggets, and How Two Boys Secured Them _h[electronic resource] / _cEdward Sylvester Ellis |
| 260 |
_bProject Gutenberg, _c2007 |
||
| 506 | _aPublic domain in the USA. | ||
| 516 | _aElectronic text | ||
| 653 | _aKlondike River Valley (Yukon) -- Gold discoveries -- Juvenile fiction | ||
| 700 | 1 |
_aLowell, Orson, _d1871-1956 |
|
| 830 | 0 |
_aProject Gutenberg _v21652 |
|
| 856 | 4 | 0 | _uhttp://www.gutenberg.org/ebooks/21652 |
| 942 | _cEB | ||
| 999 |
_c250907 _d250907 |
||